|
|
|
|
| LEADER |
00000cam a2200000 7i4500 |
| 001 |
0000000204 |
| 005 |
20230510.0 |
| 008 |
991123 ilu eng |
| 020 |
|
|
|a 0673383253
|
| 040 |
|
|
|a INS
|
| 090 |
0 |
0 |
|a QA76.754
|b .W47 1988
|
| 100 |
1 |
|
|a Werner, D. Michael
|
| 245 |
1 |
0 |
|a Using VP-Planner, WordPerfect, Wordstar, and dBase III Plus
|c D.Michael Werner, Thomas W.Warrner
|
| 260 |
|
|
|a Glenview, Illinois :
|b Scott,Foresman and Company ,
|c c1988
|
| 300 |
|
|
|a various pagings ;
|c 28 cm.
|
| 650 |
|
0 |
|a Computer programs
|
| 650 |
|
0 |
|a dBase III Plus
|x Computer program
|
| 650 |
|
0 |
|a WordPerfect
|x Computer program
|
| 700 |
1 |
|
|a Warrner, Thomas
|
| 999 |
|
|
|a 0000004547
|b BOOK
|c Open Shelf
|e Default branch
|
| 999 |
|
|
|a 0000023331
|b BOOK
|c Open Shelf
|e Default branch
|